Statistics for Balkan Countries English To Turkish

Click here to take the quiz!

General Stats

  • This quiz has been taken 773 times
  • The average score is 11 of 12

Answer Stats

EnglishTürkçe% Correct
TurkeyTürkiye
100%
GreeceYunanistan
100%
BulgariaBulgaristan
99%
KosovoKosova
98%
North MacedoniaKuzey Makedonya
98%
RomaniaRomanya
98%
SerbiaSırbistan
97%
Bosnia and HerzegovinaBosna Hersek
96%
SloveniaSlovenya
95%
AlbaniaArnavutluk
93%
CroatiaHırvatistan
86%
MontenegroKaradağ
80%

Score Distribution

Percentile by Number Answered

Percent of People with Each Score

Your Score History

You have not taken this quiz